000 00241nam a22000857a 4500
008 160629b xxu||||| |||| 00| 0 eng d
100 _91312
_aSengupta, P
245 _aMy Journey to the Magnetic North Pole
260 _aN.D
_bNational Book Trust
_c1996
999 _c1074
_d1074